Биотики : (Record no. 308447)
[ view plain ]
| 000 -LEADER | |
|---|---|
| fixed length control field | 01208nam a2200253 a 4500 |
| 001 - CONTROL NUMBER | |
| control field | 000874440 |
| 003 - CONTROL NUMBER IDENTIFIER | |
| control field | AM-YeHGA |
| 005 - DATE AND TIME OF LATEST TRANSACTION | |
| control field | 20250617145230.0 |
| 008 - FIXED-LENGTH DATA ELEMENTS--GENERAL INFORMATION | |
| fixed length control field | 120314s1978 ||||||||r|||||000|0|rus|d |
| 040 ## - CATALOGING SOURCE | |
| Original cataloging agency | AM-YeHGA |
| 041 0# - LANGUAGE CODE | |
| Language code of text/sound track or separate title | rus |
| 090 ## - LOCALLY ASSIGNED LC-TYPE CALL NUMBER (OCLC); LOCAL CALL NUMBER (RLIN) | |
| -- | 310158 |
| 100 1# - MAIN ENTRY--PERSONAL NAME | |
| Personal name | Венчиков, Анатолий Иванович |
| 245 10 - TITLE STATEMENT | |
| Title | Биотики : |
| Remainder of title | (К теории и практике применения микроэлементов) / |
| Statement of responsibility, etc. | А. И. Венчиков ; АН ТССР, Институт физиологии и экспериментальной патологии аридной зоны. |
| 250 ## - EDITION STATEMENT | |
| Edition statement | 2-е изд., перераб. и доп. |
| 260 ## - PUBLICATION, DISTRIBUTION, ETC. | |
| Place of publication, distribution, etc. | Ашхабад : |
| Name of publisher, distributor, etc. | Ылым, |
| Date of publication, distribution, etc. | 1978. |
| 300 ## - PHYSICAL DESCRIPTION | |
| Extent | 277 с. ; |
| Dimensions | 20 см. |
| 504 ## - BIBLIOGRAPHY, ETC. NOTE | |
| Bibliography, etc. note | Библиогр.: с. 257 - 274 |
| 650 14 - SUBJECT ADDED ENTRY--TOPICAL TERM | |
| Topical term or geographic name entry element | Биологические препараты |
| 650 14 - SUBJECT ADDED ENTRY--TOPICAL TERM | |
| Topical term or geographic name entry element | Микроэлементы |
| General subdivision | Метаболизм |
| -- | Дефицит |
| 650 14 - SUBJECT ADDED ENTRY--TOPICAL TERM | |
| Topical term or geographic name entry element | Энергетический обмен |
| 650 14 - SUBJECT ADDED ENTRY--TOPICAL TERM | |
| Topical term or geographic name entry element | Метаболические процессы |
| 710 2# - ADDED ENTRY--CORPORATE NAME | |
| Corporate name or jurisdiction name as entry element | Институт физиологии и экспериментальной патологии аридной зоны АН ТССР |
| Withdrawn status | Lost status | Damaged status | Not for loan | Collection | Home library | Current library | Date acquired | Total checkouts | Full call number | Barcode | Date last seen | Price effective from | Koha item type | Public note |
|---|---|---|---|---|---|---|---|---|---|---|---|---|---|---|
| General | Fundamental Scientific Library | Fundamental Scientific Library | 09/01/2017 | PII/424642 | FL0439352 | 09/01/2017 | 09/01/2017 | Գրքեր / Books | 30 Days Loan | |||||
| General | Fundamental Scientific Library | Fundamental Scientific Library | 07/07/2017 | PII/434510 | FL0452385 | 07/07/2017 | 07/07/2017 | Գրքեր / Books |
ՀՀ Գիտությունների ազգային ակադեմիայի հիմնարար գիտական գրադարան = Fundamental Scientific Library of NAS RA
All site content, except where otherwise noted, is licensed under a